Administración estratégica
Na minha lista:
| Main Authors: | , |
|---|---|
| Formato: | Livro |
| Idioma: | espanhol |
| Publicado em: |
Ciudad de México
McGraw Hill
2001
|
| Edição: | 2a. ed |
| Assuntos: | |
| Tags: |
Adicionar Tag
Sem tags, seja o primeiro a adicionar uma tag!
|
MARC
| LEADER | 00000cam a2200000 a 4500 | ||
|---|---|---|---|
| 001 | UCN1069 | ||
| 003 | CL-VaPUC | ||
| 008 | 010420e20010000MX |||||||||||||||||spa|d | ||
| 020 | |a 9701029062 | ||
| 082 | 0 | 4 | |a 658.4012 |b THO |2 21 |
| 100 | 0 | |a Thompson, Arthur A |e author |9 456447 | |
| 700 | 0 | |a Strickland, A. J |e author |9 456448 | |
| 245 | 1 | 0 | |a Administración estratégica |
| 250 | |a 2a. ed | ||
| 300 | |a 403 p | ||
| 942 | |c BK | ||
| 945 | |d 20010420 00:00:00 |a vberengu | ||
| 260 | |a Ciudad de México |b McGraw Hill |c 2001 | ||
| 650 | 0 | |a Planificación estratégica |9 259735 | |
| 650 | 0 | |a Operaciones administrativas |9 335045 | |
| 650 | 7 | |a ESTRATEGIAS |2 CL-VaPUC |9 342878 | |
| 583 | |a last modification |c 20161202 10:57:29 |k Rodrigo Vera | ||
| 999 | |c 294659 |d 294657 | ||
| 952 | |0 0 |1 0 |2 ddc |4 0 |6 658_401200000000000_THO_2001 |7 0 |8 A |9 347292 |a BIBENE |b BIBENE |d 2019-11-20 |i 3708799 |o 658.4012 THO 2001 |p 3708799 |r 2025-01-15 |w 2019-11-20 |y BK |k ICO | ||
| 952 | |0 0 |1 0 |2 ddc |4 0 |6 658_401200000000000_THO_2001 |7 0 |8 A |9 347293 |a BIBENE |b BIBENE |d 2019-11-20 |i 3724131 |o 658.4012 THO 2001 |p 3724131 |r 2025-01-15 |w 2019-11-20 |y BK |k ICO | ||
| 952 | |0 0 |1 0 |4 0 |6 658_401200000000000_THO_2001 |7 0 |8 R |9 347294 |a BIBGIM |b BIBGIM |d 2019-11-20 |i 3738124 |l 2 |m 1 |o 658.4012 THO 2001 |p 3738124 |q 2022-12-31 |r 2021-10-26 |s 2021-10-26 |w 2019-11-20 |y BK_R |k COM | ||